Statistiques concernant Devinez le prénom de ces peintres (2ème Édition)

Cliquez ici pour prendre le quiz!

Statistiques générales

  • Ce quiz a été pris 105 fois
  • Le résultat moyen est 28 sur 68

Statistiques - réponses

Hint Answer % Correct
CéannePaul
99%
De VinciLéonard
95%
Van GoghVincent
93%
AngelicoFra
89%
PicassoPablo
88%
WarholAndy
84%
De Toulouse-LautrecHenri
80%
DaliSalvador
79%
ChagallMarc
76%
MonetClaude
73%
MagritteRené
73%
BaconFrancis
72%
ManetÉdouard
68%
BraqueGeorges
67%
PoussinNicolas
66%
DegasEdgar
62%
KlimtGustav
61%
CorotCamille
55%
BoschJerome
54%
AudubonJohn
52%
TurnerWilliam
50%
MondrianPiet
50%
DuchampMarcel
49%
GrecoEl
41%
PollockJackson
41%
De Goya Y LucientesFrancisco
40%
BotticelliSandro
39%
MiróJoan
39%
RubensPierre-Paul
37%
DürerAlbrecht
34%
VelasquezDiego
29%
Della FrancescaPiero
27%
Abbott-McNeil-WhistlerJames
24%
GainsboroughtThomas
24%
HockneyDavid
24%
ModiglianiAmedeo
24%
LichtensteinRoy
23%
RenoirPierre-Auguste
23%
VermeerJohannes
23%
Van RijnRembrandt
23%
BelliniGiovanni
18%
RauschenbergRobert
17%
IngresJean-Auguste
16%
O'KeefeGeorgia
15%
StellaFrank
13%
HirstDamien
12%
RothkoMark
12%
HalFrans
12%
BruegelPieter
12%
RockwellNorman
11%
JohnsJasper
10%
LemieuxJean-Paul
9%
Di BondoneGiotto
6%
KandinskyWasily
6%
SickertWalter
5%
DineJim
5%
NolanSydney
2%
OldenburgClaes
2%
CanalettoGiovanni Antonio
2%
EscherMaurits
1%

Distribution des résultats

Percentile par nombre de réponses

% des personnes avec chaque résultat

Votre développement - résultats

Vous n’avez pas pris ce quiz